[Event "Trieste Piccola Fenice 2nd"]
[Site "Trieste"]
[Date "2025.03.02"]
[Round "5"]
[White "Costantino, Claudio Emanuele"]
[Black "Sliwicka, Alicja"]
[Result "0-1"]
[WhiteElo "2068"]
[BlackElo "2352"]
[PlyCount "70"]
[EventDate "2025.02.27"]
[EventType "swiss"]
[EventRounds "9"]
[EventCountry "ITA"]
[SourceTitle "CB10_2025"]
[SourceDate "2025.03.05"]
[SourceVersion "1"]
[SourceVersionDate "2025.03.05"]
[SourceQuality "1"]

1. e4 e5 2. Nf3 Nc6 3. Bc4 Nf6 4. d4 exd4 5. e5 d5 6. Bb5 Nd7 7. 0-0 Be7 8. Bxc6 bxc6 9. Nxd4 Nb8 10. c4 0-0 11. Nc3 c5 12. Nb3 d4 13. Qf3 c6 14. Na4 Be6 15. Naxc5 Bxc4 16. Rd1 Bxc5 17. Nxc5 Qe7 18. Nd3 f6 19. exf6 Rxf6 20. Qh3 Rf8 21. b3 Ba6 22. Bb2 c5 23. Ba3 Nd7 24. Nxc5 Nxc5 25. Bxc5 Qxc5 26. Qe6+ Kh8 27. Qxa6 Rxf2 28. Kxf2 d3+ 29. Kg3 Qe3+ 30. Kg4 Re8 31. Qxd3 h5+ 32. Kxh5 Re5+ 33. Kh4 Qf4+ 34. g4 Rh5+ 35. Kxh5 Qh6# 0-1

[Event "Trieste Piccola Fenice 2nd"]
[Site "Trieste"]
[Date "2025.02.28"]
[Round "2"]
[White "Costantino, Claudio Emanuele"]
[Black "Vanduyfhuys, Daria"]
[Result "1-0"]
[WhiteElo "2068"]
[BlackElo "2101"]
[PlyCount "81"]
[EventDate "2025.02.27"]
[EventType "swiss"]
[EventRounds "9"]
[EventCountry "ITA"]
[SourceTitle "CB10_2025"]
[SourceDate "2025.03.05"]
[SourceVersion "1"]
[SourceVersionDate "2025.03.05"]
[SourceQuality "1"]

1. e4 c6 2. d4 d5 3. Nd2 dxe4 4. Nxe4 Nf6 5. Nxf6+ exf6 6. c3 Bd6 7. Bd3 0-0 8. Qc2 Re8+ 9. Ne2 h5 10. 0-0 h4 11. h3 Nd7 12. Bd2 Nf8 13. Rae1 Bc7 14. f4 g6 15. f5 g5 16. Qc1 Nh7 17. Qd1 c5 18. Bc4 Qd6 19. Nf4 Rf8 20. Ng6 Qh2+ 21. Kf2 Bg3+ 22. Kf3 Bxe1 23. Qxe1 g4+ 24. hxg4 Ng5+ 25. Bxg5 fxg5 26. Bxf7+ Kg7 27. Nxf8 Qf4+ 28. Ke2 Qxg4+ 29. Kd2 Kxf7 30. Ng6 Qxg2+ 31. Rf2 Qxf2+ 32. Qxf2 Kf6 33. Qe3 Bxf5 34. Ne7 Be6 35. Nd5+ Bxd5 36. Qe5+ Kg6 37. Qxd5 cxd4 38. cxd4 Rf8 39. Qxb7 g4 40. Qe4+ Kh5 41. Qh7+ 1-0

[Event "Montesilvano Adriatico op 29th"]
[Site "Montesilvano"]
[Date "2024.12.22"]
[Round "4"]
[White "Costantino, Claudio Emanuele"]
[Black "Donati, Michele"]
[Result "1-0"]
[WhiteElo "1921"]
[BlackElo "2006"]
[PlyCount "161"]
[EventDate "2024.12.20"]
[EventType "swiss"]
[EventRounds "5"]
[EventCountry "ITA"]
[SourceTitle "CB52_2024"]
[SourceDate "2024.12.25"]
[SourceVersion "1"]
[SourceVersionDate "2024.12.25"]
[SourceQuality "1"]

1. e4 c5 2. Nf3 d6 3. d4 cxd4 4. Nxd4 Nf6 5. Nc3 Nc6 6. f3 e5 7. Nb3 Be6 8. Be3 d5 9. exd5 Nxd5 10. Nxd5 Qxd5 11. Qxd5 Bxd5 12. 0-0-0 0-0-0 13. Bb5 a6 14. Be2 Kc7 15. Rd2 Be7 16. Rhd1 Be6 17. c3 Rxd2 18. Rxd2 Rd8 19. Rxd8 Nxd8 20. Bd3 g6 21. Kc2 Bd5 22. Nd2 f5 23. Nc4 Bf6 24. Bb6+ Kd7 25. Ne3 Bc6 26. Bc4 Ne6 27. Nd5 Bg5 28. Nb4 Nc7 29. Nxc6 Kxc6 30. Bxc7 Kxc7 31. Bg8 h6 32. Bh7 e4 33. fxe4 fxe4 34. Bxg6 e3 35. Kd3 Kd6 36. g3 Kc5 37. h4 e2 38. Kxe2 Bc1 39. b3 a5 40. Kd3 b5 41. Be8 b4 42. c4 Kd6 43. Ke4 Bd2 44. g4 Ke6 45. Bc6 Be1 46. Bd5+ Kf6 47. h5 Bc3 48. Bg8 Ke7 49. Kd5 Kd7 50. Be6+ Ke7 51. Bf5 Bd2 52. Kc6 Be3 53. Kb5 Kd6 54. Kxa5 Kc5 55. Ka6 Bf4 56. Kb7 Bg5 57. Ka6 Bf4 58. Ka5 Bd2 59. Ka4 Bc1 60. Be6 Bb2 61. Bf7 Bc1 62. a3 Bxa3 63. g5 hxg5 64. h6 g4 65. h7 Bb2 66. Ka5 g3 67. Bd5 Be5 68. Ka6 Bd4 69. Kb7 Kd6 70. Bg2 Be5 71. Kc8 Bf6 72. Bh3 Kc6 73. Bg2+ Kd6 74. Bd5 Kc5 75. Kd7 Kd4 76. Ke6 Bh8 77. Kf7 Kc3 78. Kg8 Bd4 79. c5 Be5 80. c6 Kd4 81. Bg2 1-0

[Event "Montesilvano Adriatico op 29th"]
[Site "Montesilvano"]
[Date "2024.12.21"]
[Round "2"]
[White "Costantino, Claudio Emanuele"]
[Black "Ripa, Daniele"]
[Result "1/2-1/2"]
[WhiteElo "1921"]
[BlackElo "1990"]
[PlyCount "51"]
[EventDate "2024.12.20"]
[EventType "swiss"]
[EventRounds "5"]
[EventCountry "ITA"]
[SourceTitle "CB52_2024"]
[SourceDate "2024.12.25"]
[SourceVersion "1"]
[SourceVersionDate "2024.12.25"]
[SourceQuality "1"]

1. e4 c5 2. Nf3 g6 3. d4 cxd4 4. Nxd4 Bg7 5. Nc3 Nc6 6. Be3 Nf6 7. Bc4 d6 8. f3 0-0 9. Qd2 Bd7 10. 0-0-0 Rc8 11. Bb3 Nxd4 12. Bxd4 b5 13. h4 a5 14. h5 a4 15. Bxf6 exf6 16. Qxd6 axb3 17. Qxd7 Qa5 18. hxg6 hxg6 19. Qd5 bxc2 20. Kxc2 f5 21. Kb1 Rc4 22. Rd3 Rfc8 23. exf5 R4c5 24. Qd7 R5c7 25. Qd5 Rc5 26. Qd7 1/2-1/2

[Event "Wch U14"]
[Site "Florianopolis"]
[Date "2024.10.30"]
[Round "2"]
[White "Costantino, Claudio Emanuele"]
[Black "Costa, Janio Pedro Teixeir"]
[Result "1/2-1/2"]
[WhiteElo "2028"]
[BlackElo "1653"]
[PlyCount "132"]
[EventDate "2024.10.29"]
[EventType "swiss"]
[EventRounds "11"]
[EventCountry "BRA"]
[SourceTitle "CB45_2024"]
[Source "ChessBase"]
[SourceDate "2024.11.06"]
[SourceVersion "1"]
[SourceVersionDate "2024.11.06"]
[SourceQuality "1"]

1. e4 c6 2. d4 d5 3. Nd2 dxe4 4. Nxe4 Bf5 5. Ng3 Bg6 6. h4 h6 7. Nf3 Nd7 8. h5 Bh7 9. Bd3 Bxd3 10. Qxd3 e6 11. Bd2 Ngf6 12. 0-0-0 Qc7 13. Ne4 0-0-0 14. g3 Nc5 15. Nxc5 Bxc5 16. c4 Rhe8 17. Bc3 Qe7 18. Qc2 Bb6 19. Kb1 Kb8 20. a3 Bc7 21. Rde1 Bb6 22. Rh4 Qf8 23. Ne5 Bc7 24. Qb3 Ka8 25. Bb4 Bd6 26. Ba5 Rc8 27. Qa4 Qe7 28. Bb6 a6 29. Nd3 Nd7 30. Ba5 Bc7 31. Bc3 Nb6 32. Qb3 Ka7 33. Bb4 Qd8 34. Bc5 Ka8 35. Rg4 Rg8 36. Ne5 Bxe5 37. dxe5 Nd7 38. Bd4 c5 39. Bc3 Qc7 40. Qc2 Qc6 41. Rf4 Rcf8 42. Rd1 Qc7 43. Rd6 Nb8 44. Qd2 Qe7 45. Rf3 Rd8 46. Rxf7 Qxf7 47. Rxd8 Rxd8 48. Qxd8 Qxf2 49. Qd3 Qf7 50. g4 Nc6 51. Kc2 Qf2+ 52. Kb3 Qf7 53. Qe3 Qe7 54. Qf2 b6 55. Qf3 Kb7 56. Qf4 b5 57. cxb5 axb5 58. Qf1 Kb6 59. Ka2 Qd7 60. Qe2 Qd5+ 61. b3 Nd4 62. Bxd4 Qxd4 63. Kb1 Qd5 64. Kc2 Qd4 65. Kb1 Qd5 66. Kc2 Qd4 1/2-1/2

[Event "Piacenza op 2nd"]
[Site "Piacenza"]
[Date "2024.09.28"]
[Round "3"]
[White "Costantino, Claudio Emanuele"]
[Black "Folin, Giorgio"]
[Result "0-1"]
[WhiteElo "2028"]
[BlackElo "2095"]
[PlyCount "131"]
[EventDate "2024.09.27"]
[EventType "swiss"]
[EventRounds "6"]
[EventCountry "ITA"]
[SourceTitle "EXT 2025"]
[Source "ChessBase"]
[SourceDate "2024.10.14"]
[SourceVersion "1"]
[SourceVersionDate "2024.10.14"]
[SourceQuality "1"]

1. e4 e5 2. Nf3 Nc6 3. Bc4 Nf6 4. d3 Be7 5. Nc3 0-0 6. a4 d6 7. 0-0 Be6 8. Nd5 Na5 9. Ba2 b6 10. Re1 Nxd5 11. exd5 Bg4 12. Bd2 Nb7 13. Bc3 Kh8 14. d4 f6 15. Qd3 Qd7 16. Bc4 Nd8 17. Bb5 Qc8 18. Ba6 Qf5 19. Qxf5 Bxf5 20. Rac1 Nf7 21. Bb4 Bd7 22. b3 Rae8 23. Bb5 Bxb5 24. axb5 a5 25. bxa6 Ra8 26. Ra1 Ra7 27. dxe5 fxe5 28. Nd4 exd4 29. Rxe7 Kg8 30. Rae1 h6 31. h3 Rc8 32. Re8+ Rxe8 33. Rxe8+ Kh7 34. Rb8 d3 35. cxd3 Rxa6 36. Rb7 Ra1+ 37. Kh2 Rc1 38. d4 Kg6 39. Ra7 Rc2 40. f3 h5 41. h4 Nh6 42. Kh3 Nf5 43. g4 Nxd4 44. Ra8 Nxf3 45. gxh5+ Kxh5 46. Rh8+ Kg6 47. Rc8 Nd4 48. Kg4 Nb5 49. Rf8 Rg2+ 50. Kf3 Rg1 51. Kf2 Rg4 52. Bd2 Rxh4 53. Rf3 Rh5 54. Bc3 Rf5 55. Rxf5 Kxf5 56. Bxg7 Ke4 57. Ke2 Kxd5 58. Kd3 Kc5 59. Bh6 Kb4 60. Kc2 Nd4+ 61. Kb2 Nxb3 62. Bg5 Nd4 63. Bd2+ Kc4 64. Bg5 Nb5 65. Be3 d5 66. Bf4 0-1

[Event "ITA-ch sf 83rd"]
[Site "Parma"]
[Date "2024.07.25"]
[Round "6"]
[White "Costantino, Claudio Emanuele"]
[Black "Contin, Daniel"]
[Result "0-1"]
[WhiteElo "2067"]
[BlackElo "2207"]
[PlyCount "74"]
[EventDate "2024.07.21"]
[EventType "swiss"]
[EventRounds "9"]
[EventCountry "ITA"]
[SourceTitle "CBM 221 Extra"]
[Source "ChessBase"]
[SourceDate "2024.09.30"]
[SourceVersion "1"]
[SourceVersionDate "2024.09.30"]
[SourceQuality "1"]

1. e4 e6 2. d4 d5 3. e5 c5 4. c3 Bd7 5. Nf3 Qb6 6. Be2 Bb5 7. 0-0 Bxe2 8. Qxe2 Qa6 9. Qd1 Nd7 10. Re1 Rc8 11. Be3 Ne7 12. Na3 Nf5 13. Nc2 Be7 14. dxc5 Nxe3 15. Rxe3 Nxc5 16. Nfd4 Bg5 17. Rg3 Ne4 18. Rxg5 Nxg5 19. Qg4 h6 20. h4 Ne4 21. Qxg7 Ke7 22. Qg4 Rhg8 23. Qf4 Qb6 24. f3 Ng3 25. Kh2 Qxb2 26. Qf6+ Ke8 27. Nxe6 Nh5 28. Qf5 Rxc3 29. Ned4 Qb6 30. Qxh5 Rxc2 31. Nxc2 Qf2 32. Ne1 Rg6 33. Rc1 d4 34. Qf5 Qxh4+ 35. Qh3 Qf4+ 36. Kg1 Qxc1 37. Kf1 d3 0-1

[Event "Palmanova op 12th"]
[Site "Palmanova"]
[Date "2023.12.09"]
[Round "3"]
[White "Costantino, Claudio Emanuele"]
[Black "Mammi, Ottavio"]
[Result "1/2-1/2"]
[WhiteElo "1887"]
[BlackElo "1939"]
[PlyCount "83"]
[EventDate "2023.12.08"]
[EventType "swiss"]
[EventRounds "5"]
[EventCountry "ITA"]
[SourceTitle "CBM 217 Extra"]
[Source "ChessBase"]
[SourceDate "2024.01.31"]
[SourceVersion "1"]
[SourceVersionDate "2024.01.31"]
[SourceQuality "1"]

1. e4 c5 2. Nf3 d6 3. d4 cxd4 4. Nxd4 Nf6 5. Nc3 a6 6. Bc4 e6 7. Bb3 Be7 8. g4 0-0 9. Be3 b5 10. g5 Ne8 11. h4 Nc7 12. Qd2 Bb7 13. f3 Nd7 14. 0-0-0 b4 15. Na4 d5 16. h5 Ne5 17. g6 Qe8 18. h6 Bf6 19. gxh7+ Kh8 20. hxg7+ Bxg7 21. Bf4 Nb5 22. Nxb5 axb5 23. Nc5 Nc4 24. Bxc4 bxc4 25. Qxb4 Rxa2 26. c3 Bc6 27. Bd6 d4 28. Bxf8 Qxf8 29. Qxc4 Qa8 30. Kb1 Ra1+ 31. Kc2 Ba4+ 32. Nxa4 Rxa4 33. Qc7 Ra7 34. Qb6 Rb7 35. Ra1 Qb8 36. Qa6 Rxb2+ 37. Kd3 Qd8 38. Qa5 Qd6 39. Qa6 Qc5 40. Qa5 Qd6 41. Qa6 Qc7 42. Qa5 1/2-1/2

[Event "ITA-ch U12"]
[Site "Tarvisio"]
[Date "2023.07.04"]
[Round "3"]
[White "Giambartolomei, Samuel"]
[Black "Costantino, Claudio Emanuele"]
[Result "0-1"]
[WhiteElo "1395"]
[BlackElo "1753"]
[PlyCount "118"]
[EventDate "2023.07.02"]
[EventType "swiss"]
[EventRounds "9"]
[EventCountry "ITA"]
[SourceTitle "EXT 2024"]
[Source "ChessBase"]
[SourceDate "2023.10.10"]
[SourceVersion "1"]
[SourceVersionDate "2023.10.10"]
[SourceQuality "1"]

1. e4 c5 2. Nc3 e6 3. Bc4 a6 4. a4 Nc6 5. Nf3 d6 6. d3 Nf6 7. Bb3 Be7 8. 0-0 0-0 9. Ne2 Bd7 10. c3 Rc8 11. h3 b5 12. axb5 axb5 13. Be3 Qc7 14. Nf4 h6 15. Qd2 Rfd8 16. Ra2 Ra8 17. Rfa1 Qb7 18. Qc1 Rxa2 19. Rxa2 Ra8 20. Qa1 Rxa2 21. Qxa2 Qa7 22. Qxa7 Nxa7 23. Kf1 Nc6 24. Ke2 g5 25. Bc2 gxf4 26. Bxf4 Kg7 27. Nh2 b4 28. Kd2 Nh5 29. Be3 Bg5 30. g4 Bxe3+ 31. Kxe3 Nf6 32. f4 d5 33. e5 d4+ 34. Kf3 Nd5 35. c4 Ne3 36. Bb3 Na5 37. Ba2 Nd1 38. Nf1 Nxb2 39. Bb1 b3 40. Nd2 Na4 41. Nxb3 Nxb3 42. Bc2 Na1 43. Bxa4 Bxa4 44. f5 Nc2 45. h4 Bc6+ 46. Kf2 exf5 47. gxf5 f6 48. e6 Ne3 49. Kg3 Nxf5+ 50. Kg4 Ne7 51. h5 f5+ 52. Kf4 Kf6 53. Kg3 Kxe6 54. Kf4 Ba4 55. Kf3 Nc6 56. Ke2 Bc2 57. Kd2 Nb4 58. Ke2 Bxd3+ 59. Kd2 Bxc4 0-1